00281nam a2200121Ia 4500008004100000041001200041082001100053100000600064245003300070260003600103300000800139650001200147221030s9999 xx 000 0 und d aEnglish a105.23 aM 0aThermal Physics Digestcby M bKhosla Pub., HouseaDelhic1987 a158 aPhysics